| 000 | 00566nam a2200181Ia 4500 | ||
|---|---|---|---|
| 008 | 090124s9999 xx 000 0 und d | ||
| 082 | _b39912 | ||
| 100 | _a"अग्रवाल , राजेश" | ||
| 245 | _a जमीन से आसमान तक | ||
| 250 | _a0 | ||
| 260 | _c2003 | ||
| 300 | _a151 | ||
| 600 | _a"अग्रवाल , राजेश" | ||
| 630 | _a जमीन से आसमान तक | ||
| 700 | _a"अग्रवाल , राजेश" | ||
| 730 | _a जमीन से आसमान तक | ||
| 942 | _cBOOK | ||
| 999 |
_c101566 _d101566 |
||